Multinational Finance / Second Edition (Record no. 890)
[ view plain ]
| 000 -LEADER | |
|---|---|
| fixed length control field | 01308cam a22002054a 4500 |
| 005 - ΗΜΕΡΟΜΗΝΙΑ ΚΑΙ ΩΡΑ ΤΕΛΕΥΤΑΙΑΣ ΕΝΗΜΕΡΩΣΗΣ | |
| Πεδίο ελέγχου | 20250605163949.0 |
| 008 - FIXED-LENGTH DATA ELEMENTS--GENERAL INFORMATION | |
| Πεδίο ελέγχου σταθερού μήκους | 250528s ||||||||||||||||||||||||d |
| 035 ## - SYSTEM CONTROL NUMBER | |
| System control number | 15300 |
| 020 ## - ISBN | |
| ISBN | 136053955 |
| 040 ## - ΠΗΓΗ ΚΑΤΑΛΟΓΟΓΡΑΦΗΣΗΣ | |
| Φορέας πρωτότυπης καταλογογράφησης | MC Athens Campus Library |
| Γλώσσα καταλογογράφησης | Ελληνικά, Μοντέρνα (1453-) |
| Modifying agency | MC Athens Campus Library |
| Κανόνες περιγραφικής καταλογογράφησης | AACR2 |
| 245 1# - ΤΙΤΛΟΣ ΚΑΙ ΔΗΛΩΣΗ ΥΠΕΥΘΥΝΟΤΗΤΑΣ | |
| Τίτλος | Multinational Finance / Second Edition |
| 250 ## - EDITION STATEMENT | |
| Edition statement | 2nd |
| 260 ## - PUBLICATION, DISTRIBUTION, ETC. | |
| Name of publisher, distributor, etc. | Prentice Hall, |
| Date of publication, distribution, etc. | 1992 |
| 300 ## - PHYSICAL DESCRIPTION | |
| Extent | 708 |
| 520 ## - SUMMARY, ETC. | |
| Summary, etc. | This book presents a theoretical and practical overview of International Corporate Finance. Preface, Introduction, The International Monetary System since 1945, The Foreign Exchange Markets, The Balance of Payments, Theories of Exchange Rate Movements, Financial Accounting and Foreign Exchange, Empirical studies of Foreign Exchange Markets, Information for Exposure Management, Internal Techniques of Exposure Management, External Techniques of Exposure Management, Swaps, Currency Options, International Debt Instruments, Interest Rate Risk, International Capital Budgeting, Political Risk, Economic Exposure Revisited, Corporate Hedging Policies, Project Finance, Exchange Controls, Cash Management, Performance Measurement, Financial Engineering, A Normative Approach to Multinational Finance, Appendices, Glossary, Index. |
| 700 1# - ΠΡΟΣΘΕΤΗ ΑΝΑΓΡΑΦΗ--ΦΥΣΙΚΟ ΠΡΟΣΩΠΟ | |
| Personal name | Buckley Adrian |
| 9 (RLIN) | 1011 |
| 942 ## - ADDED ENTRY ELEMENTS (KOHA) | |
| Koha item type | Books |
| Τύπος τεκμηρίου | Βιβλιοθήκη | Τρέχουσα τοποθεσία | Barcode | Αριθμός εισαγωγής | Ημερομηνία απόκτησης | Ταξιθετικό σύμβολο | Αριθμός αντιτύπου | Κατάσταση απόσυρσης | Κατάσταση χαμένου | Κατάσταση κατεστραμμένου | Μη δανεισμός | Σύνολο δανεισμών | Ημερομηνία τελευταίας εμφάνισης | Η τιμή ισχύει από |
|---|---|---|---|---|---|---|---|---|---|---|---|---|---|---|
| Books | MC Athens Campus Library | MC Athens Campus Library | 9780000008893 | 1544 | 05/06/2025 | 658.15 BUC | 1 | 05/06/2025 | 05/06/2025 |